| 000 | 00881nam a2200265 a 4500 | ||
|---|---|---|---|
| 001 | BRCA_8473 | ||
| 005 | 20190320210311.0 | ||
| 008 | 170216s2015----mx-a######---#000-0#spa-# | ||
| 020 | _a9786073127462 | ||
| 020 | _a9786077451822 | ||
| 041 | _aspa | ||
| 044 | _amx | ||
| 050 | 4 |
_aHQ1462 _b.T96 2015 |
|
| 100 | 1 |
_aTuñón, Julia _921227 |
|
| 245 | 1 | 0 |
_aMujeres _bentre la imagen y la acción _cJulia Tuñón. |
| 260 |
_aMéxico _bPenguin Random House Grupo Editorial : CONACULTA, Dirección General de Publicaciones _c2015 |
||
| 300 |
_a278 p. _bil. (algunas a color) _c21 cm. |
||
| 440 | 0 |
_aHistoria ilustrada de México _921228 |
|
| 500 | _aIncluye piezas de la colección Franz Mayer: p. 38 y 56 | ||
| 504 | _aBibliografía : p. 267-278 | ||
| 650 | 1 | 4 |
_aMujeres _xHistoria _zMéxico _921229 |
| 650 | 1 | 4 |
_aFeminismo _91028 |
| 651 | 4 |
_aMéxico _xHistoria _9614 |
|
| 942 |
_2lcc _cB |
||
| 999 |
_c8140 _d8140 |
||